Score 0/26 Timer 03:00
3 Plays Today
Hint Missing % Correct
Martin Luther ____, Jr. - civil rights leaderKing
96.9%
Attack on ____ Harbor - 1941Pearl
95.9%
Lewis and ____ Expedition - 1804-6Clark
93.9%
Susan B. ____ - suffragistAnthony
93.6%
Eleanor ____ - First LadyRoosevelt
93%
____ Purchase - 1803Louisiana
90.7%
Amelia ____ - pilotEarhart
90%
____ T. Washington - educatorBooker
89.3%
Battle of Iwo ____ - 1945Jima
87.1%
Alexander ____ - 1st Secretary of the TreasuryHamilton
83.7%
Roe v. ___ - 1973Wade
83%
Brigham ____ - religious leaderYoung
81.1%
Annie ____ - sharpshooterOakley
78.4%
Hint Missing % Correct
Bay of Pigs ____ - 1961Invasion
68.3%
___ Scott v. Sandford - 1857Dred
65.7%
Exxon ____ oil spill - 1989Valdez
64.8%
____ Sinclair - author of 'The Jungle'Upton
64.6%
Sojourner ____ - abolitionistTruth
63.2%
Bull ____ PartyMoose
57.5%
____ - largest Southwestern tribeNavajo
55.7%
The ____ Papers - 1788Federalist
51.8%
Treaty of ____ Hidalgo - 1848Guadalupe
31%
____ Affair - 1797-98XYZ
30.1%
____ Telegram - 1917Zimmerman
23.3%
____ Act of 1765Quartering
22.6%
Great ____ War of 1876Sioux
16.1%

Today's Daily Dose

Remove Ads.
Support Sporcle.
Get the best of Sporcle when you Go Orange. This ad-free experience offers more features, more stats, and more fun while also helping to support Sporcle. Thank you for becoming a member.

You're not logged in!

Compare scores with friends on all Sporcle quizzes.
OR
Log In

Show Comments

Extras

Top Quizzes Today


Score Distribution

Your Account Isn't Verified!

In order to create a playlist on Sporcle, you need to verify the email address you used during registration. Go to your Sporcle Settings to finish the process.

Report this User

Report this user for behavior that violates our Community Guidelines.

Details: